[Event "North American Blitz op 30th"]
[Site "ICC INT"]
[Date "2020.12.31"]
[Round "6"]
[White "Karthik, Venkataraman"]
[Black "Yang, Kaiqi"]
[Result "1-0"]
[WhiteElo "2483"]
[BlackElo "2481"]
[PlyCount "117"]
[GameId "1600988017295360"]
[EventDate "2020.12.31"]
[EventType "swiss (blitz)"]
[EventRounds "11"]
[EventCountry "USA"]
[SourceTitle "CBM 200 Extra"]
[Source "ChessBase"]
[SourceDate "2021.03.31"]
[SourceVersion "1"]
[SourceVersionDate "2021.03.31"]
[SourceQuality "1"]

1. Nf3 e6 2. g3 f5 3. Bg2 Nf6 4. O-O Be7 5. d3 d5 6. c4 dxc4 7. dxc4 Qxd1 8. Rxd1 Nc6 9. Bf4 Bd8 10. Nc3 Nh5 11. Bg5 Bd7 12. e4 Bxg5 13. Nxg5 h6 14. Nf3 Nf6 15. exf5 exf5 16. Nd5 Nxd5 17. cxd5 Nd8 18. Re1+ Kf8 19. Ne5 Be8 20. Rac1 c6 21. dxc6 Nxc6 22. Nxc6 Bxc6 23. Bxc6 bxc6 24. Rxc6 Kf7 25. Rc7+ Kf6 26. Ree7 Rhd8 27. Rf7+ Ke5 28. Rce7+ Kd4 29. Rxg7 a5 30. Rgf7 Rd5 31. Rd7 Rxd7 32. Rxd7+ Ke4 33. Kg2 a4 34. Rb7 Ra6 35. Rb4+ Ke5 36. a3 Kf6 37. Kf3 Kg5 38. h4+ Kf6 39. Kf4 Kg6 40. f3 Kf6 41. Rb5 Kg6 42. Rxf5 Rb6 43. Ra5 Rxb2 44. Ra6+ Kg7 45. Rxa4 Rb3 46. g4 Kf6 47. Ra6+ Kg7 48. g5 hxg5+ 49. hxg5 Rb5 50. Kg4 Kf7 51. f4 Rb1 52. Ra7+ Kg8 53. Kh5 Rb6 54. f5 Rc6 55. f6 Rc1 56. Kg6 Rc8 57. Rg7+ Kh8 58. Rh7+ Kg8 59. f7+ 1-0

[Event "North American Blitz op 30th"]
[Site "ICC INT"]
[Date "2020.12.31"]
[Round "7"]
[White "Yang, Kaiqi"]
[Black "Andriasian, Zaven"]
[Result "0-1"]
[WhiteElo "2481"]
[BlackElo "2606"]
[PlyCount "90"]
[GameId "1600988017377280"]
[EventDate "2020.12.31"]
[EventType "swiss (blitz)"]
[EventRounds "11"]
[EventCountry "USA"]
[SourceTitle "CBM 200 Extra"]
[Source "ChessBase"]
[SourceDate "2021.03.31"]
[SourceVersion "1"]
[SourceVersionDate "2021.03.31"]
[SourceQuality "1"]

1. d4 Nf6 2. Nf3 g6 3. Nbd2 d6 4. e4 Bg7 5. Bb5+ c6 6. Bd3 O-O 7. O-O Nbd7 8. c3 e5 9. a4 Nh5 10. Re1 h6 11. Bf1 Qf6 12. Nc4 Qe7 13. a5 Rd8 14. Qb3 Nf8 15. dxe5 dxe5 16. Be3 Bg4 17. Nfd2 Nf4 18. f3 Be6 19. Qa3 Qf6 20. Nb3 Nd3 21. Bxd3 Rxd3 22. Qb4 Nd7 23. Rad1 Bf8 24. Qa4 Rxd1 25. Rxd1 g5 26. Bf2 h5 27. Ne3 g4 28. fxg4 hxg4 29. Rf1 Qf4 30. Re1 b5 31. axb6 Nxb6 32. Qxc6 Bxb3 33. Bg3 Qg5 34. Nf5 Be6 35. Bh4 Qd2 36. Rf1 Rc8 37. Qb7 Qd7 38. Qa6 Bc4 39. Qa5 Bxf1 40. Qxe5 Qe6 41. Qf4 Bd3 42. Be7 Bxe4 43. Qxg4+ Qg6 44. Qxe4 Re8 45. Qe5 Nc8 0-1

[Event "North American Blitz op 30th"]
[Site "ICC INT"]
[Date "2020.12.31"]
[Round "8"]
[White "Lodh, Anish"]
[Black "Yang, Kaiqi"]
[Result "1/2-1/2"]
[WhiteElo "1912"]
[BlackElo "2481"]
[PlyCount "122"]
[GameId "1600988017541120"]
[EventDate "2020.12.31"]
[EventType "swiss (blitz)"]
[EventRounds "11"]
[EventCountry "USA"]
[SourceTitle "CBM 200 Extra"]
[Source "ChessBase"]
[SourceDate "2021.03.31"]
[SourceVersion "1"]
[SourceVersionDate "2021.03.31"]
[SourceQuality "1"]

1. e4 d5 2. exd5 Qxd5 3. d4 Nf6 4. Nc3 Qd6 5. Nf3 c6 6. Be2 Bf5 7. O-O e6 8. h3 h6 9. Ne5 Be7 10. Bf4 Qd8 11. Bf3 Nbd7 12. Ne2 Nxe5 13. Bxe5 O-O 14. c3 Bd6 15. Bxd6 Qxd6 16. Ng3 Bg6 17. Re1 Rad8 18. Re5 Nd7 19. Re3 Nb6 20. Be4 Nd5 21. Re1 Bxe4 22. Nxe4 Qf4 23. Qe2 Rfe8 24. Rad1 Nf6 25. Ng3 Rd7 26. Rd3 Red8 27. Rf3 Qg5 28. Ne4 Nxe4 29. Qxe4 Rd5 30. Rg3 Qf6 31. Ree3 Rf5 32. Ref3 Rxf3 33. Rxf3 Qg5 34. Qf4 Qe7 35. Rg3 Kf8 36. Qe5 f6 37. Qe4 Kg8 38. Qf4 Kh7 39. Re3 Rd6 40. Qf5+ Kg8 41. Qg4 Qf7 42. Qf4 Qd7 43. Rg3 Kh7 44. Qe4+ f5 45. Qe5 Rd5 46. Qe3 Qd6 47. f4 c5 48. dxc5 Rxc5 49. Kh2 Kg8 50. Rg6 Kf7 51. Qg3 Qf8 52. h4 Rd5 53. h5 Rd6 54. Qe3 b6 55. Qe5 Rc6 56. Qd4 Rc7 57. Qe5 Rc6 58. Qd4 Rc7 59. Qe5 Rc6 60. Qd4 Rc7 61. Qe5 Rc6 1/2-1/2

[Event "North American Blitz op 30th"]
[Site "ICC INT"]
[Date "2020.12.31"]
[Round "9"]
[White "Yang, Kaiqi"]
[Black "Ramanathan, Suraj"]
[Result "1-0"]
[WhiteElo "2481"]
[BlackElo "2066"]
[PlyCount "79"]
[GameId "1600988017618944"]
[EventDate "2020.12.31"]
[EventType "swiss (blitz)"]
[EventRounds "11"]
[EventCountry "USA"]
[SourceTitle "CBM 200 Extra"]
[Source "ChessBase"]
[SourceDate "2021.03.31"]
[SourceVersion "1"]
[SourceVersionDate "2021.03.31"]
[SourceQuality "1"]

1. d4 c5 2. e3 Nf6 3. Nf3 g6 4. dxc5 Qa5+ 5. Nbd2 Bg7 6. a3 Qxc5 7. b4 Qc7 8. Bb2 d6 9. Be2 O-O 10. O-O Bf5 11. c4 Nbd7 12. Nd4 Be4 13. Nxe4 Nxe4 14. Bf3 Ndf6 15. Rc1 a6 16. Qd3 Ng5 17. Be2 e5 18. Nb3 Rad8 19. Qc2 Ne6 20. Rfd1 Rfe8 21. Bf3 Ng5 22. Bd5 Nxd5 23. Rxd5 f5 24. Rcd1 Ne4 25. f3 Nf6 26. R5d2 Bh6 27. Re2 d5 28. Nc5 Bf8 29. cxd5 Nxd5 30. Qb3 Qf7 31. Red2 Nxe3 32. Qxe3 Rxd2 33. Rxd2 b6 34. Nd7 Bg7 35. Nxb6 Qa2 36. g3 Qb1+ 37. Kg2 e4 38. Qb3+ Kh8 39. Bxg7+ Kxg7 40. Qxb1 1-0

[Event "North American Blitz op 30th"]
[Site "ICC INT"]
[Date "2020.12.31"]
[Round "10"]
[White "Erenburg, Sergey"]
[Black "Yang, Kaiqi"]
[Result "1-0"]
[WhiteElo "2559"]
[BlackElo "2481"]
[PlyCount "123"]
[GameId "1600988017762304"]
[EventDate "2020.12.31"]
[EventType "swiss (blitz)"]
[EventRounds "11"]
[EventCountry "USA"]
[SourceTitle "CBM 200 Extra"]
[Source "ChessBase"]
[SourceDate "2021.03.31"]
[SourceVersion "1"]
[SourceVersionDate "2021.03.31"]
[SourceQuality "1"]

1. e4 c6 2. d4 d5 3. e5 Bf5 4. Nf3 e6 5. Be2 Nd7 6. O-O Bg6 7. Nbd2 Nh6 8. Nb3 Nf5 9. a4 a6 10. a5 c5 11. dxc5 Nxc5 12. Bg5 Qc7 13. c4 Nxb3 14. Qxb3 dxc4 15. Qa4+ Qc6 16. Qxc6+ bxc6 17. Rfc1 Be7 18. Rxc4 Bxg5 19. Nxg5 Ne7 20. Rd1 h6 21. Nf3 O-O 22. Rd7 Rfe8 23. Rb4 Nd5 24. Rbb7 Reb8 25. h4 Rxb7 26. Rxb7 c5 27. Nd2 Nb4 28. Nb3 Be4 29. Rc7 Nc6 30. Nxc5 Bd5 31. Bxa6 Nxa5 32. Be2 Rb8 33. Nd3 Nc4 34. Nf4 Nxb2 35. Bh5 g6 36. Be2 Na4 37. h5 g5 38. Nxd5 exd5 39. Bf3 Nb6 40. Rc6 Rb7 41. Rxh6 Kg7 42. Rd6 Nc4 43. Rxd5 Re7 44. e6 Rxe6 45. Rxg5+ Kh6 46. Rf5 Ne5 47. Bd5 Re7 48. Kf1 Kg7 49. g3 f6 50. Rf4 Rd7 51. Be6 Rd6 52. Bf5 Kh6 53. g4 Kg5 54. Ra4 Rd2 55. f4+ Kh4 56. fxe5 fxe5 57. h6 Kg3 58. Ra3+ Kf4 59. h7 Rh2 60. Ra8 Kf3 61. h8=Q Rxh8 62. Rxh8 1-0

[Event "North American Blitz op 30th"]
[Site "ICC INT"]
[Date "2020.12.31"]
[Round "11"]
[White "Yang, Kaiqi"]
[Black "Heesters, Pieter S"]
[Result "1-0"]
[WhiteElo "2481"]
[BlackElo "2007"]
[PlyCount "135"]
[GameId "1600988017844224"]
[EventDate "2020.12.31"]
[EventType "swiss (blitz)"]
[EventRounds "11"]
[EventCountry "USA"]
[SourceTitle "CBM 200 Extra"]
[Source "ChessBase"]
[SourceDate "2021.03.31"]
[SourceVersion "1"]
[SourceVersionDate "2021.03.31"]
[SourceQuality "1"]

1. d4 Nf6 2. Nf3 g6 3. Nbd2 d5 4. e3 Bg7 5. b4 Bg4 6. Be2 c6 7. a4 Nbd7 8. O-O O-O 9. c4 Re8 10. Bb2 e6 11. h3 Bxf3 12. Nxf3 Qc7 13. Qb3 Ne4 14. Rfc1 Qd6 15. Bd3 f5 16. b5 Rac8 17. Ba3 Qb8 18. bxc6 bxc6 19. Qxb8 Nxb8 20. cxd5 exd5 21. Rab1 Rc7 22. Rb3 Nd7 23. Rcb1 Nb6 24. a5 Nc4 25. Bb4 Rb7 26. Be1 Rxb3 27. Rxb3 Kf7 28. Rb7+ Re7 29. a6 Ke8 30. Bb4 Rd7 31. Bc2 Kd8 32. Ba4 Ned6 33. Bxc6 Rxb7 34. axb7 Kc7 35. Bxd5 a5 36. Bc5 a4 37. Ba7 Nxb7 38. Bxc4 Na5 39. Ba2 Nb3 40. Bc5 Nxc5 41. dxc5 Kc6 42. Nd4+ Kxc5 43. Ne6+ Kb4 44. Nxg7 Ka3 45. Bg8 Kb2 46. Bxh7 a3 47. Bg8 g5 48. Nxf5 Kc3 49. Nd4 Kd3 50. Nb5 Ke4 51. Nxa3 Kf5 52. Nc4 Kg6 53. Nd2 Kh5 54. Nf3 Kh6 55. Be6 Kh5 56. g4+ Kh6 57. Kg2 Kg6 58. Kg3 Kh6 59. Bf5 Kg7 60. Nxg5 Kh6 61. h4 Kg7 62. h5 Kh6 63. e4 Kg7 64. e5 Kh6 65. e6 Kxg5 66. e7 Kf6 67. e8=Q Kg5 68. Qg6# 1-0

[Event "US Chess/ICC Rapids"]
[Site "ICC INT"]
[Date "2021.02.07"]
[Round "2"]
[White "Delabre, Tony"]
[Black "Yang, Kaiqi"]
[Result "0-1"]
[WhiteElo "2042"]
[BlackElo "2481"]
[PlyCount "98"]
[GameId "1623853792870400"]
[EventDate "2021.02.07"]
[EventType "swiss (rapid)"]
[EventRounds "6"]
[EventCountry "USA"]
[SourceTitle "EXT 2022"]
[Source "ChessBase"]
[SourceDate "2021.10.06"]
[SourceVersion "1"]
[SourceVersionDate "2021.10.06"]
[SourceQuality "1"]

1. e4 e6 2. d4 d5 3. e5 c5 4. c3 Nc6 5. Nf3 Bd7 6. Be2 Nge7 7. Bg5 h6 8. Bxe7 Bxe7 9. O-O Qb6 10. Qd2 Rc8 11. Na3 cxd4 12. cxd4 Bxa3 13. bxa3 Qa5 14. Qxa5 Nxa5 15. Rfc1 Ke7 16. Nd2 Ba4 17. Bd1 Bxd1 18. Rxd1 Rc3 19. Nb1 Rc2 20. Nd2 Rc3 21. Nb1 Rc4 22. a4 Rhc8 23. Nd2 Rxd4 24. Nb3 Rxa4 25. g3 Rc2 26. Nxa5 Rxa5 27. Rdb1 b6 28. a3 Kd7 29. Kf1 Rc3 30. a4 Rc4 31. Rc1 Rxc1+ 32. Rxc1 Rxa4 33. Ke2 Rc4 34. Rd1 a5 35. Kd3 a4 36. Rb1 Kc6 37. f4 b5 38. Ra1 d4 39. g4 Kd5 40. h4 Rc3+ 41. Kd2 a3 42. g5 b4 43. gxh6 gxh6 44. Rg1 a2 45. h5 b3 46. f5 b2 47. fxe6 fxe6 48. Rg8 b1=Q 49. Rd8+ Ke4 0-1

[Event "Titled Tuesday intern op 28th Jun Early"]
[Site "Chess.com INT"]
[Date "2022.06.28"]
[Round "5"]
[White "Yang, Kaiqi"]
[Black "Ladan, Nicholas John"]
[Result "1-0"]
[WhiteElo "2481"]
[BlackElo "2131"]
[PlyCount "116"]
[GameId "1798853148127232"]
[EventDate "2022.06.28"]
[EventType "swiss (blitz)"]
[EventRounds "11"]
[EventCountry "USA"]
[SourceTitle "CBM 209 Extra"]
[Source "ChessBase"]
[SourceDate "2022.09.30"]
[SourceVersion "1"]
[SourceVersionDate "2022.09.30"]
[SourceQuality "1"]

1. d4 d5 2. c4 e6 3. g3 Nf6 4. Bg2 Bb4+ 5. Nd2 O-O 6. Ngf3 b6 7. O-O Bb7 8. Ne5 Nbd7 9. Nd3 Bxd2 10. Bxd2 Ne4 11. cxd5 Bxd5 12. Be3 Nd6 13. f3 f5 14. Bf2 Qe7 15. Rc1 Rac8 16. Nb4 Nf6 17. Nc6 Qd7 18. Ne5 Qb5 19. b3 Rfd8 20. Qd3 Qxd3 21. Nxd3 a5 22. Rc2 Kf7 23. Rfc1 Rd7 24. Ne5+ Ke8 25. Nxd7 Kxd7 26. h3 g5 27. g4 h5 28. Bg3 hxg4 29. hxg4 fxg4 30. Bxd6 Kxd6 31. e4 gxf3 32. exd5 fxg2 33. dxe6 c5 34. dxc5+ bxc5 35. Re1 Ke7 36. Rxg2 g4 37. Rc2 a4 38. bxa4 c4 39. a5 Rc5 40. a6 Rc6 41. a7 Ra6 42. Rxc4 Rxa7 43. a4 Ne8 44. Rxg4 Ra6 45. Rge4 Nd6 46. Rh4 Ne8 47. Rh7+ Kd6 48. Rd7+ Kc6 49. Rc1+ Kb6 50. Re7 Nd6 51. Rd7 Ne8 52. Rd8 Nf6 53. e7 Rxa4 54. Rd6+ Kb7 55. Rxf6 Rg4+ 56. Kf2 Re4 57. Rf7 Kb6 58. Re1 Rf4+ 1-0

[Event "Chess.com Rapid Wk21 Swiss"]
[Site "Chess.com INT"]
[Date "2022.07.16"]
[Round "4"]
[White "Yang, Kaiqi"]
[Black "Sanal, Vahap"]
[Result "1-0"]
[WhiteElo "2481"]
[BlackElo "2574"]
[PlyCount "75"]
[GameId "1803873823944704"]
[EventDate "2022.07.16"]
[EventType "swiss (rapid)"]
[EventRounds "9"]
[EventCountry "USA"]
[SourceTitle "CBM 209 Extra"]
[Source "ChessBase"]
[SourceDate "2022.09.30"]
[SourceVersion "1"]
[SourceVersionDate "2022.09.30"]
[SourceQuality "1"]

1. d4 d6 2. e4 Nf6 3. Nc3 e5 4. Nf3 Nbd7 5. Rg1 g6 6. g4 Bg7 7. Be3 O-O 8. d5 Nc5 9. Nd2 c6 10. dxc6 bxc6 11. Qf3 Ne6 12. Nb3 d5 13. g5 Nxe4 14. Nxe4 dxe4 15. Qxe4 Nd4 16. Bxd4 Bf5 17. Qf3 exd4 18. Bd3 Re8+ 19. Kd2 Be6 20. Rae1 c5 21. Bb5 Rf8 22. Kc1 Bd5 23. Qe2 a5 24. Bc4 a4 25. Nd2 Rb8 26. Qd3 Bc6 27. f4 Qb6 28. b3 Qb4 29. f5 Qa3+ 30. Kb1 gxf5 31. g6 axb3 32. gxh7+ Kh8 33. Bxb3 Qa7 34. Rxg7 Qc7 35. Reg1 Qxh2 36. Qxf5 Qh6 37. Qe5 f6 38. Rg8+ 1-0

[Event "Chess.com Rapid Wk21 Swiss"]
[Site "Chess.com INT"]
[Date "2022.07.16"]
[Round "5"]
[White "Yang, Kaiqi"]
[Black "Indjic, Aleksandar"]
[Result "0-1"]
[WhiteElo "2481"]
[BlackElo "2620"]
[PlyCount "72"]
[GameId "1803873823997952"]
[EventDate "2022.07.16"]
[EventType "swiss (rapid)"]
[EventRounds "9"]
[EventCountry "USA"]
[SourceTitle "CBM 209 Extra"]
[Source "ChessBase"]
[SourceDate "2022.09.30"]
[SourceVersion "1"]
[SourceVersionDate "2022.09.30"]
[SourceQuality "1"]

1. d4 Nf6 2. c4 e6 3. Nc3 d5 4. Bg5 Bb4 5. cxd5 exd5 6. e3 h6 7. Bxf6 Qxf6 8. Qb3 Bxc3+ 9. Qxc3 c6 10. Nf3 O-O 11. Be2 Re8 12. O-O Nd7 13. b4 Nb6 14. a4 Bg4 15. a5 Nc8 16. a6 b5 17. Rfc1 Re6 18. Qd3 Nb6 19. Ne5 Bxe2 20. Qxe2 Nc4 21. Nd3 Qxd4 22. Nc5 Re7 23. Rd1 Qf6 24. Qg4 Rae8 25. Rd4 h5 26. Qf4 Qg6 27. Rc1 Re5 28. h4 Kh7 29. Nd3 Re4 30. Qc7 Rxd4 31. exd4 Qxd3 32. Qxf7 Qg6 33. Qxa7 Re2 34. Qb8 Ne3 35. Qh2 Qc2 36. Rf1 Rxf2 0-1

[Event "Chess.com Rapid Wk21 Swiss"]
[Site "Chess.com INT"]
[Date "2022.07.16"]
[Round "7"]
[White "Jakubowski, Krzysztof"]
[Black "Yang, Kaiqi"]
[Result "1/2-1/2"]
[WhiteElo "2459"]
[BlackElo "2481"]
[PlyCount "152"]
[GameId "1803873824215040"]
[EventDate "2022.07.16"]
[EventType "swiss (rapid)"]
[EventRounds "9"]
[EventCountry "USA"]
[SourceTitle "CBM 209 Extra"]
[Source "ChessBase"]
[SourceDate "2022.09.30"]
[SourceVersion "1"]
[SourceVersionDate "2022.09.30"]
[SourceQuality "1"]

1. e4 c5 2. Nf3 e6 3. d4 cxd4 4. Nxd4 a6 5. Nc3 b5 6. Bd3 Bb7 7. O-O Nc6 8. Nxc6 Bxc6 9. Kh1 Bc5 10. Qe2 Ne7 11. f4 b4 12. Nd1 O-O 13. Be3 Qb6 14. Qf2 Bxe3 15. Nxe3 Qb7 16. Nc4 d5 17. Nd6 Qd7 18. e5 Nc8 19. Qh4 g6 20. Nxc8 Rfxc8 21. a3 a5 22. Rf3 Qd8 23. Qf6 d4 24. Rf2 Bd5 25. Kg1 b3 26. Qxd8+ Rxd8 27. cxb3 Bxb3 28. Rc1 Rac8 29. Rff1 Kg7 30. Kf2 f6 31. exf6+ Kxf6 32. Ke2 Bd5 33. g3 Rb8 34. Rc2 Rb3 35. Rb1 Rdb8 36. Rd2 R3b6 37. h4 Ba2 38. Ra1 Bd5 39. Rb1 h6 40. a4 g5 41. hxg5+ hxg5 42. Bb5 e5 43. fxe5+ Kxe5 44. Re1 Be4 45. Kd1 Kd5 46. Rf2 d3 47. Rf7 Rd6 48. b3 Kd4 49. Kd2 Rc8 50. Bc4 Rh8 51. Rf2 Rh3 52. Re3 Rh1 53. Bxd3 Bd5 54. Bc2 Ra1 55. Rd3+ Kc5 56. Rf5 Ra2 57. Rxg5 Kc6 58. Kc1 Rxc2+ 59. Kxc2 Be4 60. Kb2 Rxd3 61. Rxa5 Rxg3 62. Re5 Bd5 63. b4 Rb3+ 64. Kc2 Rxb4 65. Rg5 Rxa4 66. Kc3 Ra3+ 67. Kd4 Ra4+ 68. Kc3 Re4 69. Kd3 Re6 70. Rh5 Re4 71. Kc3 Kc5 72. Rh8 Rd4 73. Rc8+ Bc6 74. Rb8 Rc4+ 75. Kd3 Rb4 76. Rxb4 Kxb4 1/2-1/2

[Event "Chess.com Rapid Wk21 Swiss"]
[Site "Chess.com INT"]
[Date "2022.07.16"]
[Round "8"]
[White "Yang, Kaiqi"]
[Black "Antipov, Mikhail Al"]
[Result "0-1"]
[WhiteElo "2481"]
[BlackElo "2597"]
[PlyCount "54"]
[GameId "1803873824260096"]
[EventDate "2022.07.16"]
[EventType "swiss (rapid)"]
[EventRounds "9"]
[EventCountry "USA"]
[SourceTitle "CBM 209 Extra"]
[Source "ChessBase"]
[SourceDate "2022.09.30"]
[SourceVersion "1"]
[SourceVersionDate "2022.09.30"]
[SourceQuality "1"]

1. d4 Nf6 2. c4 e6 3. Nc3 Bb4 4. e3 c5 5. Nf3 Nc6 6. Bd3 Bxc3+ 7. bxc3 d6 8. O-O e5 9. d5 Ne7 10. Nd2 h6 11. Qc2 Bd7 12. f4 exf4 13. Rxf4 Ng4 14. Ne4 Qc7 15. Be2 Ne5 16. Bh5 O-O 17. Bd2 N7g6 18. Raf1 f5 19. Ng3 Nxf4 20. Rxf4 g6 21. Be2 Rae8 22. e4 g5 23. Rf1 f4 24. Nh5 Qc8 25. h3 Bxh3 26. gxh3 Qxh3 27. Nxf4 gxf4 0-1

[Event "Chess.com Rapid Wk21 Swiss"]
[Site "Chess.com INT"]
[Date "2022.07.16"]
[Round "9"]
[White "Yang, Kaiqi"]
[Black "Sychev, Klementy"]
[Result "0-1"]
[WhiteElo "2481"]
[BlackElo "2534"]
[PlyCount "106"]
[GameId "1803873824358400"]
[EventDate "2022.07.16"]
[EventType "swiss (rapid)"]
[EventRounds "9"]
[EventCountry "USA"]
[SourceTitle "CBM 209 Extra"]
[Source "ChessBase"]
[SourceDate "2022.09.30"]
[SourceVersion "1"]
[SourceVersionDate "2022.09.30"]
[SourceQuality "1"]

1. d4 d5 2. c4 c6 3. Nf3 Nf6 4. Nc3 e6 5. e3 Nbd7 6. Qc2 Bd6 7. Bd3 O-O 8. O-O dxc4 9. Bxc4 b5 10. Be2 Bb7 11. e4 e5 12. dxe5 Nxe5 13. Nh4 g6 14. f4 Neg4 15. g3 Bc5+ 16. Kh1 b4 17. Nd1 Bb6 18. e5 c5+ 19. Bf3 Bxf3+ 20. Nxf3 c4 21. exf6 Re8 22. Ne5 Nxe5 23. fxe5 Rxe5 24. Bf4 Qd5+ 25. Qg2 Qxg2+ 26. Kxg2 Re2+ 27. Kf3 Rxh2 28. Rc1 Rd8 29. Rxc4 h6 30. Nf2 g5 31. Be3 Rd6 32. Ng4 Rxb2 33. Rc8+ Kh7 34. Rh1 Kg6 35. Rg8+ Kf5 36. Rxh6 Rd3 37. Rxg5+ Ke6 38. Re5+ Kd6 39. Rh8 Rxa2 40. Rh7 b3 41. Rxf7 b2 42. Rfe7 b1=Q 43. R7e6+ Kc7 44. Re7+ Kc6 45. R7e6+ Kb7 46. Re7+ Ka6 47. f7 Qf1+ 48. Nf2 Rxf2+ 49. Kg4 Qe2+ 50. Kg5 Bxe3+ 51. Kg6 Qg4+ 52. Kh7 Rh2+ 53. Rh5 Rxh5# 0-1

[Event "Chess.com Rapid Wk22 Swiss"]
[Site "Chess.com INT"]
[Date "2022.07.23"]
[Round "1"]
[White "Yang, Kaiqi"]
[Black "Melkumyan, Hrant"]
[Result "0-1"]
[WhiteElo "2481"]
[BlackElo "2634"]
[PlyCount "122"]
[GameId "1806437916495872"]
[EventDate "2022.07.23"]
[EventType "swiss (rapid)"]
[EventRounds "9"]
[EventCountry "USA"]
[SourceTitle "CBM 209 Extra"]
[Source "ChessBase"]
[SourceDate "2022.09.30"]
[SourceVersion "1"]
[SourceVersionDate "2022.09.30"]
[SourceQuality "1"]

1. d4 Nf6 2. c4 g6 3. Nc3 Bg7 4. e4 d6 5. Be2 O-O 6. Nf3 c5 7. O-O Re8 8. Re1 Bg4 9. Be3 Bxf3 10. Bxf3 cxd4 11. Bxd4 Nc6 12. Be3 Nd7 13. Rc1 Qa5 14. Be2 Rec8 15. Qd2 Nc5 16. f3 Ne6 17. Bf1 Rab8 18. b3 Bd4 19. Red1 Qc5 20. Bxd4 Qxd4+ 21. Qxd4 Ncxd4 22. Nd5 Kf8 23. Kf2 a5 24. Ke3 Nc6 25. g3 Nb4 26. Bh3 Rd8 27. a3 Nc6 28. Nb6 Nc5 29. Rb1 e6 30. b4 axb4 31. axb4 Nd7 32. Nxd7+ Rxd7 33. c5 Ke7 34. cxd6+ Rxd6 35. Rxd6 Kxd6 36. Rd1+ Kc7 37. b5 Ne5 38. Kf4 Nd7 39. Kg5 h6+ 40. Kxh6 Rh8+ 41. Kg7 Rxh3 42. Kxf7 Ne5+ 43. Kxe6 Nxf3 44. Kf6 Rh5 45. Kxg6 Rxb5 46. h4 Ne5+ 47. Kg7 Ng4 48. Rf1 Rc5 49. Rf4 Ne3 50. g4 b5 51. h5 Rg5+ 52. Kf6 Rxg4 53. Rf3 Rxe4 54. h6 Rh4 55. Kg5 Rg4+ 56. Kf6 Nd5+ 57. Kf5 Rh4 58. Kg6 Nf4+ 59. Kg7 Ne6+ 60. Kg6 Nd4 61. Kg5 Nxf3+ 0-1

[Event "Chess.com Rapid Wk22 Swiss"]
[Site "Chess.com INT"]
[Date "2022.07.23"]
[Round "6"]
[White "Yang, Kaiqi"]
[Black "Sychev, Klementy"]
[Result "1-0"]
[WhiteElo "2481"]
[BlackElo "2534"]
[PlyCount "123"]
[GameId "1806437917040640"]
[EventDate "2022.07.23"]
[EventType "swiss (rapid)"]
[EventRounds "9"]
[EventCountry "USA"]
[SourceTitle "CBM 209 Extra"]
[Source "ChessBase"]
[SourceDate "2022.09.30"]
[SourceVersion "1"]
[SourceVersionDate "2022.09.30"]
[SourceQuality "1"]

1. d4 e6 2. e4 d5 3. e5 c5 4. c3 Nc6 5. Nf3 Qc7 6. Be2 f6 7. O-O fxe5 8. dxe5 Nxe5 9. Nxe5 Qxe5 10. Re1 Qf6 11. Bb5+ Kf7 12. Nd2 Ne7 13. Nf3 h6 14. Ne5+ Kg8 15. Be8 Nf5 16. Bf7+ Kh7 17. Bg6+ Kg8 18. Qh5 Bd6 19. Nf7 Ne7 20. Nxh8 Kxh8 21. Bc2 Bd7 22. Re3 e5 23. Rf3 Qe6 24. Bg5 e4 25. Re1 Qg6 26. Qxg6 Nxg6 27. Bd2 Ne5 28. Rfe3 Ng4 29. Rh3 Rf8 30. f3 Ne5 31. Rh5 exf3 32. Rf1 Bg4 33. Rh4 fxg2 34. Rxf8+ Bxf8 35. Kxg2 Be7 36. Rxg4 Nxg4 37. Bf5 Ne5 38. Bf4 Nc4 39. b3 Nd6 40. Be6 d4 41. cxd4 cxd4 42. Kf3 Kh7 43. Be5 d3 44. Ke3 Kg6 45. Kxd3 Nf7 46. Bd4 Bd6 47. Bxa7 Bxh2 48. Bd5 Nd6 49. Bb8 h5 50. a4 h4 51. a5 Kf6 52. b4 g5 53. b5 Nxb5 54. Bxh2 g4 55. Bxb7 g3 56. Bg1 h3 57. a6 h2 58. Bd4+ Ke6 59. a7 Nxa7 60. Bxa7 Kf5 61. Ke2 Kg4 62. Bg2 1-0

[Event "Chess.com Rapid Wk22 Swiss"]
[Site "Chess.com INT"]
[Date "2022.07.23"]
[Round "8"]
[White "Rustemov, Alexander"]
[Black "Yang, Kaiqi"]
[Result "1/2-1/2"]
[WhiteElo "2525"]
[BlackElo "2481"]
[PlyCount "126"]
[GameId "1806437917163520"]
[EventDate "2022.07.23"]
[EventType "swiss (rapid)"]
[EventRounds "9"]
[EventCountry "USA"]
[SourceTitle "CBM 209 Extra"]
[Source "ChessBase"]
[SourceDate "2022.09.30"]
[SourceVersion "1"]
[SourceVersionDate "2022.09.30"]
[SourceQuality "1"]

1. d4 d5 2. c4 e6 3. Nc3 a6 4. cxd5 exd5 5. Nf3 Nf6 6. Bg5 Be6 7. e3 Nbd7 8. Bd3 c6 9. Qc2 Bd6 10. Bf4 Qc7 11. Bxd6 Qxd6 12. h3 O-O 13. O-O Qe7 14. Rfb1 Nb6 15. Na4 Nxa4 16. Qxa4 Ne8 17. Qc2 g6 18. b4 Nd6 19. a4 Bf5 20. Bxf5 Nxf5 21. b5 axb5 22. axb5 Rxa1 23. Rxa1 cxb5 24. Qb3 Rc8 25. Qxb5 Rc2 26. Qxd5 Rxf2 27. Re1 Nxe3 28. Qe5 Rxg2+ 29. Kh1 Qxe5 30. dxe5 Rg3 31. Rxe3 Rxh3+ 32. Kg2 Rh5 33. Rb3 Rf5 34. Rxb7 h5 35. Rb5 Kg7 36. Nd4 Rf4 37. Rd5 Re4 38. Kf3 Re1 39. Kf4 Rf1+ 40. Kg3 Re1 41. Rd7 Rxe5 42. Nf3 Ra5 43. Kf4 Ra4+ 44. Kg3 Ra3 45. Kf4 Ra4+ 46. Kg3 Kf6 47. Rd6+ Ke7 48. Rb6 f6 49. Rb7+ Kf8 50. Nh4 g5 51. Ng6+ Kg8 52. Ne7+ Kf7 53. Nf5+ Kf8 54. Nh6 h4+ 55. Kh3 Rf4 56. Ng4 Rf3+ 57. Kh2 f5 58. Nf6 g4 59. Rd7 h3 60. Nh7+ Ke8 61. Nf6+ Kf8 62. Nh7+ Ke8 63. Nf6+ Kf8 1/2-1/2

[Event "Chess.com Rapid Wk22 Swiss"]
[Site "Chess.com INT"]
[Date "2022.07.23"]
[Round "9"]
[White "Yang, Kaiqi"]
[Black "Kravtsiv, Martyn"]
[Result "0-1"]
[WhiteElo "2481"]
[BlackElo "2598"]
[PlyCount "70"]
[GameId "1806437917229056"]
[EventDate "2022.07.23"]
[EventType "swiss (rapid)"]
[EventRounds "9"]
[EventCountry "USA"]
[SourceTitle "CBM 209 Extra"]
[Source "ChessBase"]
[SourceDate "2022.09.30"]
[SourceVersion "1"]
[SourceVersionDate "2022.09.30"]
[SourceQuality "1"]

1. d4 e6 2. e4 d5 3. e5 c5 4. c3 Qb6 5. Nf3 Nc6 6. Bd3 Bd7 7. dxc5 Bxc5 8. O-O a5 9. Nbd2 a4 10. b4 axb3 11. Nxb3 Nge7 12. Rb1 Rxa2 13. Nxc5 Qxc5 14. Rxb7 Qxc3 15. Bg5 h6 16. Bf4 Ra7 17. Rxa7 Nxa7 18. Qb1 Nac6 19. Bd2 Qa3 20. Qb7 Qxd3 21. Bb4 Bc8 22. Qb6 Qa6 23. Qc5 Nxb4 24. Qxb4 Qb7 25. Qa3 O-O 26. Nd4 Nc6 27. Nxc6 Qxc6 28. Rc1 Qa6 29. Qe7 Qb7 30. Qd6 Bd7 31. h4 Rc8 32. Ra1 Qc7 33. Qe7 Qxe5 34. Rb1 Be8 35. g3 d4 0-1